000 00827nam a2200277 i 4500
003 DO-SdBNP
005 20260413133853.0
007 ta
008 260413b2017 dr ||||| |||| 00| 0 spa d
020 _a9781520533339
040 _aDO-SdBNP
_bspa
_cBNPHU
_erda
041 _aspa
082 4 _axxx
_bD611j 2017
_222
100 1 _aDisla, Edwin,
_d1961-
_eautor
_4aut.
_928921
245 1 0 _aJesús de la tierra /
_cEdwin Disla
250 _aprimera edición
264 4 _aSanto Domingo :
_bSoto Castillo,
_c©2017.
300 _a487 páginas :
_c23 cm
336 _atexto
_btxt
_2rdaconten
337 _asin medición
_bn
_2rdamedia
338 _avolumen
_bnc
_2rdacarrier
500 _aIncluye datos biográfico del autor en la solapa de la cubierta
590 _aInventariado 2026/BT
910 _aBtavárez
942 _2ddc
_cLBS1
999 _c60543
_d60543